Statistics for List of Airbus A300 Operators

Click here to take the quiz!

General Stats

  • This quiz has been taken 35 times
  • The average score is 8 of 21

Answer Stats

CountryAnswer% Correct
USAFedex
91%
GermanyDHL
87%
USAUPS
83%
IranMahan Air
74%
IranIran Air
70%
Hong KongAir Hong Kong
43%
IranIran Airtour
43%
TurkeyMNG Airlines
30%
IranQeshm Air
26%
MexicoAerounion
22%
FranceAirbus
22%
IrelandASL Airlines Ireland
22%
KyrgyzstanAerostan
17%
LibyaAfriqiyah Airways
17%
GeorgiaAMS Airlines
17%
GeorgiaEasy Charter
17%
IranMeraj Airlines
17%
SloveniaSolinair
17%
VenezuelaTranscarga
17%
KyrgyzstanKap.Kg
13%
KyrgyzstanMoalem Avation
9%

Score Distribution

Percentile by Number Answered

Percent of People with Each Score

Your Score History

You have not taken this quiz